00356nam a2200121Ia 4500003000400000008004100004020001500045040000800060100002100068245010200089260003500191300000800226LDD181029s9999 xx 000 0 und d a8171004636 cLDD aGrover, Verinder 0aGreat women of modern Indiabtheir contribution to poltical, economics and sociacVerinder Grover aNew DelhibDeep and Deepc1993 a8V.